İstanbul'un çoksesli batı müziği tarihi/ (Record no. 15123)

MARC details
000 -BAŞLIK
Sabit Uzunlukta Kontrol Alanı 00757nam a22002297a 4500
999 ## - SİSTEM KONTROL NUMARALARI (KOHA)
Koha Biblionumber 15123
Koha Biblioitemnumber 15123
003 - KONTROL NUMARASI IDENTIFIER
Denetim Alanı MIRAKIL
005 - SON İŞLEM TARİHİ VE ZAMANI
Denetim Alanı 20221226140505.0
008 - SABİT-BOY VERİ ELEMANLARI - GENEL BİLGİLER
Sabit Uzunlukta Kontrol Alanı 221226b tu ||||| |||| 00| 0 tur d
020 ## - ULUSLARARASI STANDART KİTAP NUMARASI
Uluslararası Standart Kitap Numarası 9786258049701
040 ## - KATALOGLAMA KAYNAK
Orijinal Kataloglama Ajansı TR-AnCHP
Metne Dönüştürmek Ajansı TR-AnCHP
041 ## - DİL KODU
Metin / Ses Parça Veya Ayrı Başlığın Dil Kodu tur
082 ## - DEWEY ONLU SINIFLANDIRMA NUMARASI
Sınıflandırma Numarası 780.9561
Ürün Numarası İ77 2022
245 10 - BAŞLIK TABLOSU
Başlık İstanbul'un çoksesli batı müziği tarihi/
Sorumluluk Tablosu, Vb Hazırlayanlar: Serhan Bali
260 ## - YAYIN, DAĞITIM, VB
Yayın, Dağıtım, Vb Yeri İstanbul:
Yayıncı, Dağıtıcı, Vs Adı İstanbul Büyükşehir Belediyesi,
Yayın, Dağıtım, Vb Tarihi 2022.
300 ## - FİZİKSEL TANIM
Kapsam 495 s.:
Diğer Fiziksel Ayrıntıları fotg.;
Boyutlar 26 sm.
504 ## - KAYNAKÇA VB NOT
Kaynakça Vb Notu Dizin vardır.
504 ## - KAYNAKÇA VB NOT
Kaynakça Vb Notu Bibliyografik bilgi içerir.
650 #0 - KONU KATMA GİRİŞ - TOPİKAL DÖNEM
9 (RLIN) 5893
Topikal Süreli Veya Coğrafi Ad Giriş Elemanı Müzik
Genel Alt Bölümü Batı müziği
-- tarih
Coğrafi Alt Bölümü İstanbul (Türkiye)
651 #0 - KONU KATMA GİRİŞ - COĞRAFİ ADI
9 (RLIN) 5576
Coğrafi İsim İstanbul (Türkiye)
Genel Alt Bölümü Müzik
Kronolojik Alt Bölümü tarih
700 ## - KATMA GİRİŞ - KİŞİSEL İSİM
9 (RLIN) 7291
Kişisel Ad Bali, Serhan
Relator Terim haz.
942 ## - EKLENDİ GİRİŞ ELEMANLARI (KOHA)
Sınıflandırma Veya Raf Düzeni Kaynak Dewey Decimal Classification
Koha Öğesi Türü Books
Holdings
Kalıcı Konum Mevcut Konum Edinme Tarihi Toplam Check-Out'Lar Tam Çağrı Numarası Barkod Tarih Son Görülme İtibaren Geçerli Fiyatlar Koha Öğesi Türü
CHP Kütüphanesi CHP Kütüphanesi 12/26/2022   780.9561 İ77 2022 020690 12/26/2022 12/26/2022 Books